UBT Library

Economics and the public purpose / (Record no. 40460)

000 -LEADER
fixed length control field 00643cam a2200241 i 4500
001 - CONTROL NUMBER
control field 323278
005 - DATE AND TIME OF LATEST TRANSACTION
control field 20180118051305.0
008 - FIXED-LENGTH DATA ELEMENTS--GENERAL INFORMATION
fixed length control field 741219s1974 enk b 001 0 eng
010 ## - LIBRARY OF CONGRESS CONTROL NUMBER
LC control number 74194018
015 ## - NATIONAL BIBLIOGRAPHY NUMBER
National bibliography number GB74-07051
020 ## - INTERNATIONAL STANDARD BOOK NUMBER
International Standard Book Number 0233965254 :
Terms of availability £3.25
040 ## - CATALOGING SOURCE
Original cataloging agency DLC
Transcribing agency DLC
Modifying agency DLC
041 ## - LANGUAGE CODE
Language code of text/sound track or separate title eng
043 ## - GEOGRAPHIC AREA CODE
Geographic area code n-us---
080 ## - UNIVERSAL DECIMAL CLASSIFICATION NUMBER
Universal Decimal Classification number 338.973 KEN
082 00 - DEWEY DECIMAL CLASSIFICATION NUMBER
Classification number 338.973 KEN
100 1# - Rafti
Rafti 52
101 ## - Shkurtesa
Shkurtesa ECO
245 10 - TITLE STATEMENT
Title Economics and the public purpose /
Statement of responsibility, etc [by] John Kenneth Galbraith.
504 ## - BIBLIOGRAPHY, ETC. NOTE
Bibliography, etc Includes bibliographical references and index.
906 ## - LOCAL DATA ELEMENT F, LDF (RLIN)
a 7
b cbc
c orignew
d 3
e ncip
f 19
g y-gencatlg
942 ## - ADDED ENTRY ELEMENTS (KOHA)
Source of classification or shelving scheme
Item type Books
Holdings
Withdrawn status Lost status Source of classification or shelving scheme Damaged status Not for loan Collection code Permanent location Current location Shelving location Date acquired Total Checkouts Full call number Barcode Date last seen Price effective from Koha item type
          Koleksioni i përgjithshem UBT - Lipjan UBT - Lipjan Koleksioni i përgjithshem 01/18/2018   338.973 KEN 002-2995724 01/18/2018 01/18/2018 Books
UBT Library © 2015-2024. All rights reserved University Education for Business and Technology